00556nam a22001937a 450000500170000001000130001702000220003003500130005203700160006504000120008108200110009310000240010424500770012826000430020527000520024830000200030065000240032065000180034420170124110105.0 aA-897637 c00.00a8120718518 aA-897637 bCen Lib/Ret aDPLbEN aSbHYD aHyder, Qurratulain  aThe street singers of lucknow and other stories /cby Qurratulain Hyder  aNew Delhi bSterling Publishers c1996 bNew Delhi aL-10, Green Park Extention e110016 a170p.c19cm(Hb) aEnglish literature  aIndic fiction